| 000 | 00788pam a2200241 a 4500 | ||
|---|---|---|---|
| 001 | 3448820 | ||
| 005 | 20180313050040.0 | ||
| 008 | 920226s1992 nyua b 001 0 eng | ||
| 010 | _a 92009386 | ||
| 020 |
_a0195078543 (acidfree paper) : _c$25.00 |
||
| 040 |
_aDLC _cDLC _dDLC |
||
| 041 | _aeng | ||
| 080 | _a659.1932 | ||
| 082 | 0 | 0 |
_a659.1932 JAM _220 |
| 100 | 1 | _a20 | |
| 101 | _aSHP | ||
| 245 | 1 | 0 |
_aDirty politics : _cKathleen Hall Jamieson. |
| 504 | _aIncludes bibliographical references (p. 310-327) and index. | ||
| 906 |
_a7 _bcbc _corignew _d1 _eocip _f19 _gy-gencatlg |
||
| 942 |
_2ddc _cBK |
||
| 999 |
_c44829 _d44829 |
||